Greatest AFL/VFL Goal Scorers of all time - Statistics

General Stats
  • This quiz has been taken 27 times
  • The average score is 11 of 20
Answer Stats
Number Player Name % Correct
1 Tony Lockett
95%
3 Jason Dunstall
91%
7 Jack Titus
82%
9 Leigh Matthews
68%
8 Matthew Lloyd
68%
5 Doug Wade
64%
2 Gordon Coventry
64%
4 Lance Franklin
64%
12 Matthew Richardson
64%
13 Jack Riewoldt
59%
6 Gary Ablett Snr
45%
18 Stephen Kernahan
45%
19 Bill Mohr
41%
10 Peter McKenna
36%
14 Tom Hawkins
36%
17 Barry Hall
32%
11 Bernie Quinlan
27%
15 Kevin Bartlett
27%
20 Peter Hudson and Wayne Carey
23%
16 Saverio Rocca
23%
No matching quizzes found
Score Distribution
Percent of People with Each Score
Percentile by Number Answered
Your Score History
You have not taken this quiz